000 00801nam a2200229 i 4500
001 142087
003 ES-MaACL
005 20260227163007.0
007 t|
008 071002s1959 sp ||||1| spa d
080 _a55(467.33 Alcoy)
100 1 _aVisedo Moltó, Camilo.
_9115484
245 1 0 _aAlcoy
_b: geología : prehistoria /
_cCamilo Visedo Moltó.
260 _aAlcoy :
_b[s.n.],
_c1959.
300 _a80 p. ;
_c22 cm +
_e1 map. pleg.
490 1 _aPublicaciones del Instituto Alcoyano de Cultura "Andrés Sempere"
650 1 4 _aGeología-
_zAlcoy.
_913087
710 2 _aInstituto Alcoyano de Cultura "Andrés Sempere"
_94790
830 0 _aPublicaciones del Instituto Alcoyano de Cultura Andrés Sempere
_9236300
852 _aES-MaACL
_jC-16959
_bR.44548
999 _c142087
_d142087